| Tag |
First Indicator |
Second Indicator |
Subfields |
| LEADER |
00000pam a2200000 a 4500 |
| 001 |
in00000632012 |
| 005 |
20151015055002.0 |
| 008 |
810403s1981 maua b 00110 eng |
| 010 |
|
|
|a 80008784
|
| 020 |
|
|
|a 0669043672
|
| 035 |
|
|
|a (OCoLC)07460485
|
| 035 |
|
|
|9 ACU9954AM
|
| 039 |
0 |
|
|a 2
|b 3
|c 3
|d 3
|e 3
|
| 040 |
|
|
|a DLC
|c DLC
|d TXA
|d UtOrBLW
|
| 043 |
|
|
|a n-us---
|
| 049 |
|
|
|a TXAM
|c [800154]
|
| 050 |
0 |
0 |
|a HC103.7
|b .C48
|
| 082 |
0 |
|
|a 336.2/783337/0973
|2 19
|
| 100 |
1 |
|
|a Church, Albert M.
|
| 245 |
1 |
0 |
|a Taxation of nonrenewable resources /
|c Albert M. Church.
|
| 264 |
|
1 |
|a Lexington, Mass. :
|b Lexington Books,
|c [1981]
|
| 264 |
|
4 |
|c ©1981
|
| 300 |
|
|
|a xviii, 330 pages :
|b illustrations ;
|c 24 cm.
|
| 336 |
|
|
|a text
|b txt
|2 rdacontent
|
| 337 |
|
|
|a unmediated
|b n
|2 rdamedia
|
| 338 |
|
|
|a volume
|b nc
|2 rdacarrier
|
| 500 |
|
|
|a Includes index.
|
| 504 |
|
|
|a Bibliography: pages 297-327.
|
| 650 |
|
0 |
|a Natural resources
|x Taxation
|z United States.
|
| 999 |
|
|
|a MARS
|
| 999 |
f |
f |
|s 2b0f1aab-a2df-3722-9c61-d033ff551238
|i 2cdcb9a1-7d7b-3533-b99c-b6110688274c
|t 0
|
| 952 |
f |
f |
|p ric
|a Texas A&M University
|b Rellis Campus
|c Joint Library Facility
|d Remote Storage
|t 0
|e HC103.7 .C48
|h Library of Congress classification
|i unmediated -- volume
|m A14802569811
|
| 998 |
f |
f |
|a HC103.7 .C48
|t 0
|l Remote Storage
|